000 01547cam a22004214i 4500
003 PE-LiUPU
005 20250731183356.0
008 170417s r 000 0 spa d
020 _a8499486924
020 _a9788499486925
035 _a(Sirsi) a167422
040 _aPE-LiUPU
_bspa
_cPE-LiUPU
_erda
049 _aPRUA
082 0 4 _a729
_bP23
_220
100 1 _aPaniagua Arís, Enrique,
_eautor.
040 _aPE-LiUPU
245 1 3 _aLa existencia, el lugar y la arquitectura /
_cEnrique Paniagua Arís.
264 1 _aSan Vicente (Alicante) :
_bClub Univesitario,
_c2013.
300 _a151 páginas :
_bilustraciones ;
_c30 centímetros
336 _atext
_2rdacontent
337 _aunmediated
_2rdamedia
338 _avolume
_2rdacarrier
504 _aBibliografía : páginas 143-151.
505 0 _aLa existencia -- El espacio existencial -- La expresividad del espacio existencial -- La cooncreción del espacio existencial -- Análisis de casos.
526 _aP158
526 _aP146
526 _aP17
526 _aP12
526 _aP06
650 0 4 _aDiseño arquitectónico.
_94380
650 0 4 _aEspacio de arquitectura.
910 _ajck
_bncf
_cncf
_d20170417
942 _2ddc
_cBOOK
994 _aC0
_bPEPRU
596 _a1
999 _a729 P23
_wDEWEY
_c16167
_i70686
_d16167
_e2018-3-27
_f2021-11-10
_g4
_lCCODEBUL1
_mBUL
_n1
_p25.00
_q1
_r0
_sY
_tBOOK
_u2017-4-17
_xINGENIERIA
_PP06
_0COMPRA
_o.STAFF. Colección Ingenieria y Arquitectura
980 _81
_gALBERTO SANCHEZ Responsable de Automatización